书目信息 |
| 题名: |
测量误差原理
|
|
| 作者: | Петров , 彼得罗夫 撰 ;袁文伯 译 | |
| 分册: | ||
| 出版信息: | 北京 燃料工业出版社 1954 |
|
| 页数: | 91页 | |
| 开本: | 20cm | |
| 丛书名: | ||
| 单 册: | ||
| 中图分类: | TD172 | |
| 科图分类: | ||
| 主题词: | 矿山测量--测量误差 , 测量误差--矿山测量 , 矿山测量 , 矿山测量 | |
| 电子资源: | ||
| ISBN: | ||
| 000 | 00945nam0 2200301 45 980 | |
| 001 | 0653317654 | |
| 005 | 20060808144927.40 | |
| 010 | @dCNY6.00 | |
| 100 | @a19970730d1954 em y0chiy0121 ea | |
| 101 | 1 | @achi@crus |
| 102 | @aCN@b110000 | |
| 105 | @akf z 000yy | |
| 106 | @ar | |
| 200 | 10 | @a测量误差原理@f(苏)彼得罗夫,Н.С.撰@Ace liang wu chai yuan li@g袁文伯译 |
| 210 | @a北京@c燃料工业出版社@d1954 | |
| 215 | @a91页@c图,表@d20cm | |
| 300 | @a译自:Основы теории ошибок измерений | |
| 510 | 1 | @aОсновы теории ошибок измерений@zrus |
| 606 | @a矿山测量--测量误差 | |
| 606 | @a测量误差--矿山测量 | |
| 606 | 0 | @a矿山测量 |
| 606 | 0 | @a矿山测量 |
| 690 | @aTD172@v3 | |
| 701 | A1 | @aПетров@bН.С.@f苏@4撰@AПетров |
| 701 | 1 | @a彼得罗夫@bН.С.@f苏@4撰@Abi de luo fu |
| 702 | 0 | @a袁文伯@4译@Ayuan wen bo |
| 801 | 0 | @c20060808 |
| 905 | @a10447@dTD172@e15 | |
| 测量误差原理/(苏)彼得罗夫,Н.С.撰/袁文伯译 .-北京:燃料工业出版社,1954 |
| 91页:图,表;20cm |
| 译自:Основы теории ошибок измерений |
| ISBN :CNY6.00 |
| ● |
| 相关链接 |
|
|
|
|
正题名:测量误差原理
索取号:TD172/15
 
预约/预借
| 序号 | 登录号 | 条形码 | 馆藏地/架位号 | 状态 | 备注 |
| 1 | 0451720 | 204517200 | 密集书库/ [索取号:TD172/15] | 在馆 |